| 000 | 00815nam a2200253 a 4500 | ||
|---|---|---|---|
| 003 | AR-BaBNM | ||
| 005 | 20251128203456.0 | ||
| 008 | 082120s2002 ||||||||||||||000 | spa|| | ||
| 040 | _cAR-BaBNM | ||
| 100 | 1 | _aImbrogno, Juan Carlos | |
| 245 | 0 | 0 |
_aFísica activa _bresolución de problemas con microcomputadoras : método de algoritmización, codificación en Basic y Pascal, aplicaciones de los programas |
| 250 | _a1ª ed. | ||
| 260 |
_aBuenos Aires _bTroquel _c1990 |
||
| 300 |
_a123 p. _bdiagr. |
||
| 490 | 0 | _aExperiencias de aprendizaje | |
| 650 | 4 | _aENSEÑANZA DE LA FISICA | |
| 650 | 4 | _aFISICA DE LOS CUERPOS | |
| 650 | 4 | _aPROPIEDADES FISICAS | |
| 650 | 4 | _aPROGRAMAS INFORMATICOS | |
| 650 | 4 | _aAPLICACIONES DE LAS COMPUTADORAS | |
| 653 | _aEDUCACION SECUNDARIA | ||
| 942 | _cBK | ||
| 998 | _cSILVI | ||
| 999 |
_c3559 _d3559 |
||